Missing Word: Spanish Actors and Actresses Quiz Stats

 Plays Quiz Updated Aug 28, 2017

Challenge
Share
Tweet
Embed
Score 0/24 Timer 04:00
0 Plays Today
Actor/Actress Missing Word % Correct
Javier BardemCountry
97.4%
Antonio BanderasZorro
92.2%
Javier BardemPray
90.7%
Penélope CruzSky
88.8%
Antonio BanderasVampire
86%
Antonio BanderasKids
77.3%
Javier BardemVicky
75.9%
Javier BardemNight
74.4%
Jordi MollàBoys
74.1%
Antonio BanderasMexico
63.7%
Jordi MollàKnight
60.9%
Penélope CruzPretty
59.4%
Actor/Actress Missing Word % Correct
Jordi MollàElizabeth
40.1%
Penélope CruzOpen
37.3%
Jordi MollàHeart
24.2%
Antonio BanderasSkin
18.7%
Jordi MollàDragons
18.7%
Penélope CruzGood
13.9%
Jordi MollàLife
13.4%
Javier BardemGhosts
12.1%
Javier BardemInside
11.9%
Antonio BanderasLead
9.9%
Penélope CruzReno
8.6%
Penélope CruzTwice
4.9%

Today's Daily Dose

You're not logged in!

Compare scores with friends on all Sporcle quizzes.
Join for Free
OR
Log In

You Might Also Like...

Show Comments

Extras

Top Quizzes Today


Score Distribution

Your Account Isn't Verified!

In order to create a playlist on Sporcle, you need to verify the email address you used during registration. Go to your Sporcle Settings to finish the process.

Report this User

Report this user for behavior that violates our Community Guidelines.

Details: